| 000 | 00378nam a2200145Ia 4500 | ||
|---|---|---|---|
| 008 | 230312s9999||||xx |||||||||||||| ||und|| | ||
| 020 | _a0-471-41830-7 | ||
| 082 |
_a658.80285 _bBUS |
||
| 245 | 0 | _aE-Business Workplace | |
| 260 |
_bJohn Wiley & Sons , Inc. _aNew York _c2001 |
||
| 300 | _a243 | ||
| 546 | _aEng. | ||
| 650 |
_aAccounting _vIntroduction People Matter |
||
| 942 | _cBK | ||
| 999 |
_c189 _d189 |
||